Statistiques concernant Culture Générale - Série 2351

Cliquez ici pour prendre le quiz!

Statistiques générales

  • Ce quiz a été pris 89 fois
  • Le résultat moyen est 3 sur 10

Statistiques - réponses

QuestionRéponse% Correct
Comment appelle-t-on la pièce où le boulanger cuit le pain ?fournil
67%
Qui a écrit le conte populaire "Peau d'âne" en 1694 ? prénom et nomCharles Perrault
58%
Qu'est-ce qu'un lactaire délicieux ?champignon
53%
Comment se nomme le pont le plus connu de Venise qui traverse le Grand Canal ?Rialto
53%
En droit quel terme emploie-t-on pour refuser d'accepter (qqn) comme juge, arbitre, témoin…?récuser
37%
Qui a animé l'émission de télévision de musique "Âge tendre et tête de bois", de 1961 à 1965 ? prénom et nomAlbert Raisner
19%
L'épeautre est une céréale appelée aussi " blé des ...Gaulois
17%
Dans quelle partie du corps humain se situe l'olécrane ?coude
14%
Dans quelle ville de la région Ile de France peut-on visiter le musée de la Grande Guerre ?Meaux
13%
Quel est le titre (4 mots) du roman de cette femme de lettres prénommée Sidonie-Gabrielle écrit en 1923 ? voir photoLe blé en herbe
12%

Distribution des résultats

Percentile par nombre de réponses

% des personnes avec chaque résultat

Votre développement - résultats

Vous n’avez pas pris ce quiz